Language Quiz

Random Language or Letter Quiz

One's Not a Word Quiz Stats

 Plays Quiz Updated Sep 25, 2016

Also try: Words with 'Loo'
Challenge
Share
Tweet
Embed
Score 0/16 Timer 04:00
3 Plays Today
Question Answer Wrong Answers
?ATCH K
94.8%
W
0.9%
L
0.7%
M
0.5%
?HINE O
94.5%
W
0.5%
T
1.3%
S
0.6%
?OLLY Y
94.5%
H
0.5%
F
1.6%
J
0.5%
?ONIC R
93.7%
S
0.6%
T
0.5%
I
2.1%
?UNNY L
93.7%
B
1.1%
F
0.6%
R
1.7%
?ROVE E
93.4%
D
0.6%
G
0.5%
P
2.5%
?LICK B
93%
F
2.3%
S
1%
C
0.7%
?EACH S
92.8%
B
1.3%
T
0.4%
R
2.5%
?ALVE T
90.5%
H
1.8%
C
3.7%
V
1%
?OWER G
89.3%
T
0.4%
P
0.7%
C
6.8%
?OPED N
84%
R
1%
C
2.6%
L
9.5%
?ANDY W
82.8%
C
0.5%
B
12.9%
D
0.9%
?ATER N
81%
W
2.1%
L
1.3%
P
12.6%
?ICER L
80.2%
R
13.4%
N
1.3%
D
2.1%
?LUME C
56.5%
G
37%
P
1.1%
F
2.5%
?ROSE T
54.5%
P
1.8%
A
4.4%
B
36.4%

You're not logged in!

Compare scores with friends on all Sporcle quizzes.
OR
Log In

You Might Also Like...

Show Comments

Extras

Top Quizzes Today


Score Distribution

Your Account Isn't Verified!

In order to create a playlist on Sporcle, you need to verify the email address you used during registration. Go to your Sporcle Settings to finish the process.

Report this User

Report this user for behavior that violates our Community Guidelines.

Details: